Every capital city map quiz - Statistics

General Stats
  • This quiz has been taken 857 times
  • The average score is 72 of 199
Answers on the Map
Answers color-coded by a green-red scale on the quiz's map according to % correct below.
 
Answer Stats
Answer % Correct
Tokyo
81%
New Delhi
77%
Beijing
74%
Mexico City
74%
Ankara
70%
Algiers
67%
Ottawa
65%
Buenos Aires
63%
Cairo
63%
Washington D.C
63%
Amsterdam
60%
Athens
60%
Berlin
60%
Paris
60%
Abu Dhabi
58%
Addis Ababa
58%
Andorra la Vella
58%
Bangkok
58%
Hanoi
58%
Lisbon
58%
Moscow
58%
Seoul
58%
Taipei
58%
Ulaanbaatar
58%
Dublin
56%
Havana
56%
Helsinki
56%
London
56%
Madrid
56%
Oslo
56%
Pyongyang
56%
Brasilia
53%
Kiev
53%
Minsk
53%
Panama City
53%
Stockholm
53%
Tunis
53%
Baghdad
51%
Copenhagen
51%
Kuwait City
51%
Rabat
51%
Reykjavik
51%
Riyadh
51%
Santiago
51%
Warsaw
51%
Dhaka
49%
Manila
49%
Montevideo
49%
Prague
49%
Singapore
49%
Sofia
49%
Tehran
49%
Baku
47%
Bern
47%
Bogota
47%
Brussels
47%
Guatemala City
47%
Islamabad
47%
Jakarta
47%
Jerusalem
47%
Kathmandu
47%
Lima
47%
Nairobi
47%
Port au Prince
47%
Tripoli
47%
Amman
44%
Antananarivo
44%
Asuncion
44%
Doha
44%
Kabul
44%
Monaco
44%
Nicosia
44%
Phnom Penh
44%
Riga
44%
Tbilisi
44%
Vilnius
44%
Accra
42%
Astana
42%
Canberra
42%
Djibouti
42%
Kuala Lumpur
42%
Sanaa
42%
San Salvador
42%
Tallinn
42%
Beirut
40%
Bucharest
40%
Budapest
40%
Caracas
40%
Damascus
40%
Luxembourg
40%
Quito
40%
Valletta
40%
Wellington
40%
Muscat
37%
Nassau
37%
Ouagadougou
37%
San Marino
37%
Santo Domingo
37%
Sri Jayawardenepura Kotte
37%
Vienna
37%
Vientiane
37%
Abuja
35%
Bratislava
35%
Cape Town
35%
Chisinau
35%
Kingston
35%
Ljubljana
35%
Mogadishu
35%
Rome
35%
Tirana
35%
Vaduz
35%
Windhoek
35%
Brazzaville
33%
Dakar
33%
Khartoum
33%
La Paz
33%
Port Moresby
33%
Sao Tome
33%
Yerevan
33%
Zagreb
33%
Belgrade
30%
Dili
30%
Kinshasa
30%
Luanda
30%
Pretoria
30%
Sarajevo
30%
Male
28%
Monrovia
28%
Tegucigalpa
28%
Yaounde
28%
Asmara
26%
Bissau
26%
Juba
26%
Kampala
26%
Managua
26%
Maputo
26%
N'Djamena
26%
Nouakchott
26%
Skopje
26%
Sucre
26%
Thimphu
26%
Ashgabat
23%
Bamako
23%
Bandar Seri Begawan
23%
Bangui
23%
Gaborone
23%
Harare
23%
Kigali
23%
Libreville
23%
Lusaka
23%
Naypyidaw
23%
Niamey
23%
Podgorica
23%
Port of Spain
23%
Pristina
23%
San Jose
23%
Tashkent
23%
Belmopan
21%
Bloemfontein
21%
Dodoma
21%
Lilongwe
21%
Lome
21%
Manama
21%
Paramaribo
21%
Praia
21%
Yamoussoukro
21%
Dushanbe
19%
Freetown
19%
Mbabane
19%
Moroni
19%
Vatican City
19%
Victoria
19%
Banjul
16%
Georgetown
16%
Gitega
16%
Maseru
16%
Port Louis
16%
Porto Novo
16%
Bishkek
14%
Conakry
14%
Malabo
14%
Funafuti
12%
Honiara
12%
Ngerulmud
12%
Port Vila
12%
Bridgetown
9%
Majuro
9%
South Tarawa
9%
Yaren
9%
Apia
7%
Nuku'alofa
7%
Palikir
7%
Saint John's
7%
Suva
7%
Basseterre
5%
Castries
5%
Roseau
5%
Kingstown
2%
Saint George's
2%
No matching quizzes found
Score Distribution
Percent of People with Each Score
Percentile by Number Answered
Your Score History
You have not taken this quiz